Model clients (Record no. 85054)

MARC details
000 -LEADER
fixed length control field 00820cab a22002175a 4500
001 - CONTROL NUMBER
control field L159902
008 - FIXED-LENGTH DATA ELEMENTS--GENERAL INFORMATION
fixed length control field 150113e2018 xxk 000 0 eng d
035 ## - SYSTEM CONTROL NUMBER
System control number (Sirsi) u159902
041 0# - LANGUAGE CODE
Language code of text/sound track or separate title eng
050 ## - LIBRARY OF CONGRESS CALL NUMBER
Classification number 690.24 $2 18
100 1# - MAIN ENTRY--PERSONAL NAME
Personal name Radley, Andy
245 00 - TITLE STATEMENT
Title Model clients
Medium [electronic resource]
260 ## - PUBLICATION, DISTRIBUTION, ETC.
Place of publication, distribution, etc. London
Name of publisher, distributor, etc. RICS
Date of publication, distribution, etc. 2018
490 ## - SERIES STATEMENT
Series statement RICS Building Surveying Journal
Volume/sequential designation March - April 2018, 16(1)
520 ## - SUMMARY, ETC.
Summary, etc. Looks at the implications of using building information modeling for refurbishment which is less straigthforward proposition than it is for new builds.
650 24 - SUBJECT ADDED ENTRY--TOPICAL TERM
Topical term or geographic name entry element BIM
9 (RLIN) 6219
651 #4 - SUBJECT ADDED ENTRY--GEOGRAPHIC NAME
Geographic name United Kingdom
Chronological subdivision
690 ## - LOCAL SUBJECT ADDED ENTRY--TOPICAL TERM (OCLC, RLIN)
Topical term or geographic name as entry element Refurbishment
9 (RLIN) 6264
856 40 - ELECTRONIC LOCATION AND ACCESS
Uniform Resource Identifier <a href="https://issuu.com/ricsmodus/docs/building_surveying_journal_march_ap_aa689a2c570f4c">https://issuu.com/ricsmodus/docs/building_surveying_journal_march_ap_aa689a2c570f4c</a>
Link text Available free online via Issuu
942 ## - ADDED ENTRY ELEMENTS (KOHA)
Suppress in OPAC 0
Source of classification or shelving scheme Dewey Decimal Classification
Holdings
Withdrawn status Lost status Source of classification or shelving scheme Damaged status Not for loan Home library Current library Shelving location Date acquired Total Checkouts Full call number Barcode Date last seen Copy number Price effective from Koha item type
    Dewey Decimal Classification     London London Journal article 22/03/2018   L159902 159902-1001 06/08/2019 1 06/08/2019 Journal article